The wireless application protocol (WAP) : (Record no. 176386)

000 -LEADER
fixed length control field 01452 a2200277 4500
003 - CONTROL NUMBER IDENTIFIER
control field Nust
005 - DATE AND TIME OF LATEST TRANSACTION
control field 20220729155227.0
010 ## - LIBRARY OF CONGRESS CONTROL NUMBER
LC control number 00043465
020 ## - INTERNATIONAL STANDARD BOOK NUMBER
International Standard Book Number 0471399922 (pbk. : alk. paper)
040 ## - CATALOGING SOURCE
Transcribing agency Nust
082 00 - DEWEY DECIMAL CLASSIFICATION NUMBER
Classification number 004.62,MAN
100 1# - MAIN ENTRY--PERSONAL NAME
Personal name Mann, Steve,
9 (RLIN) 58233
245 14 - TITLE STATEMENT
Title The wireless application protocol (WAP) :
Remainder of title a Wiley tech brief /
Statement of responsibility, etc. Steve Mann, Scott Sbihli.
260 ## - PUBLICATION, DISTRIBUTION, ETC.
Place of publication, distribution, etc. New York :
Name of publisher, distributor, etc. John Wiley,
Date of publication, distribution, etc. c2002.
300 ## - PHYSICAL DESCRIPTION
Extent xiv, 210 p. :
Other physical details ill. ;
Dimensions 24 cm.
440 #0 - SERIES STATEMENT/ADDED ENTRY--TITLE
Title Wiley tech brief series
9 (RLIN) 95810
505 ## - FORMATTED CONTENTS NOTE
Formatted contents note Wireless Data Primer (Page-1), A Brief History of WAP (Page-13), Why WAP? The Overview of WAP (Page-29), The WAP Application Environment (Page-45), WAP Client Software, Hardware and Web Sites (Page-59), WAP Gateways (Page-75), Some WAP Profile (Page-81), Implementing an Enterprise WAP Strategy (Page-91), The Future of WAP (Page-91), The Future of Wap (Page-97).
650 #0 - SUBJECT ADDED ENTRY--TOPICAL TERM
Topical term or geographic name entry element Computer network protocols.
9 (RLIN) 81627
650 #0 - SUBJECT ADDED ENTRY--TOPICAL TERM
Topical term or geographic name entry element Wireless Application Protocol (Computer network protocol)
9 (RLIN) 95746
650 #0 - SUBJECT ADDED ENTRY--TOPICAL TERM
Topical term or geographic name entry element Wireless communication systems.
9 (RLIN) 594
700 1# - ADDED ENTRY--PERSONAL NAME
Personal name Sbihli, Scott.
9 (RLIN) 95811
856 4# - ELECTRONIC LOCATION AND ACCESS
Materials specified Contributor biographical information
Uniform Resource Identifier <a href="http://www.loc.gov/catdir/enhancements/fy0706/00043465-b.html">http://www.loc.gov/catdir/enhancements/fy0706/00043465-b.html</a>
856 4# - ELECTRONIC LOCATION AND ACCESS
Materials specified Publisher description
Uniform Resource Identifier <a href="http://www.loc.gov/catdir/enhancements/fy0706/00043465-d.html">http://www.loc.gov/catdir/enhancements/fy0706/00043465-d.html</a>
856 4# - ELECTRONIC LOCATION AND ACCESS
Materials specified Table of Contents
Uniform Resource Identifier <a href="http://www.loc.gov/catdir/toc/onix06/00043465.html">http://www.loc.gov/catdir/toc/onix06/00043465.html</a>
942 ## - ADDED ENTRY ELEMENTS (KOHA)
Source of classification or shelving scheme
Koha item type Book
Call number prefix 004.62,MAN
Holdings
Withdrawn status Lost status Source of classification or shelving scheme Damaged status Not for loan Permanent Location Current Location Shelving location Date acquired Full call number Barcode Date last seen Price effective from Koha item type Public note
          Military College of Signals (MCS) Military College of Signals (MCS) General Stacks 12/12/2016 004.62,MAN MCS30318 12/08/2016 12/12/2016 Book Almirah No.8, Shelf No.3
© 2023 Central Library, National University of Sciences and Technology. All Rights Reserved.